[Event "Olympiad-39"]
[Site "Khanty-Mansiysk"]
[Date "2010.09.24"]
[Round "4.3"]
[White "Ayyad, Maher"]
[Black "Shrestha, Keshav"]
[Result "1-0"]
[WhiteElo "2160"]
[BlackElo "2122"]
[PlyCount "117"]
[EventDate "2010.09.21"]
[EventType "team-swiss"]
[EventRounds "11"]
[EventCountry "RUS"]
[SourceTitle "CBM 139"]
[Source "ChessBase"]
[SourceDate "2010.11.18"]
[SourceVersion "1"]
[SourceVersionDate "2010.11.18"]
[SourceQuality "1"]
[WhiteTeam "Bahrain"]
[BlackTeam "Nepal"]
[WhiteTeamCountry "BHN"]
[BlackTeamCountry "NEP"]

1. d4 d5 2. Nf3 Nf6 3. Bf4 e6 4. e3 c5 5. Nbd2 Nc6 6. c3 Be7 7. Bd3 0-0 8. Bg3 Re8 9. Ne5 g6 10. f4 Nd7 11. 0-0 Bf8 12. Kh1 Qb6 13. Rb1 Bg7 14. Bf2 f6 15. Nxd7 Bxd7 16. dxc5 Qxc5 17. e4 Qa5 18. Nb3 Qc7 19. exd5 exd5 20. Nc5 Rad8 21. Nxd7 Qxd7 22. f5 g5 23. Qb3 Re5 24. Bg3 Re3 25. Rbd1 Qf7 26. Bf2 Re5 27. Rd2 g4 28. Bg3 Bh6 29. Rdd1 Re3 30. Rfe1 Rde8 31. Rxe3 Rxe3 32. Bb5 a6 33. Bxc6 bxc6 34. Qb8+ Qe8 35. Qxe8+ Rxe8 36. Rd4 Re4 37. Rxe4 dxe4 38. Kg1 Kf7 39. Kf1 Ke7 40. Ke2 Bg5 41. b4 h5 42. a4 Kd7 43. h3 gxh3 44. gxh3 Ke7 45. c4 Kd7 46. h4 Bh6 47. Bf2 Bf8 48. Be1 Bh6 49. Bc3 Ke7 50. b5 cxb5 51. cxb5 axb5 52. axb5 Kd6 53. Bxf6 Kc5 54. Be7+ Kd5 55. b6 Bf4 56. f6 Ke6 57. Bd8 Kd7 58. f7 Bd6 59. b7 1-0

[Event "Olympiad-39"]
[Site "Khanty-Mansiysk"]
[Date "2010.09.23"]
[Round "3.3"]
[White "Shrestha, Keshav"]
[Black "Macias Murillo, Bryan"]
[Result "1/2-1/2"]
[WhiteElo "2122"]
[BlackElo "2377"]
[PlyCount "64"]
[EventDate "2010.09.21"]
[EventType "team-swiss"]
[EventRounds "11"]
[EventCountry "RUS"]
[SourceTitle "CBM 139"]
[Source "ChessBase"]
[SourceDate "2010.11.18"]
[SourceVersion "1"]
[SourceVersionDate "2010.11.18"]
[SourceQuality "1"]
[WhiteTeam "Nepal"]
[BlackTeam "Ecuador"]
[WhiteTeamCountry "NEP"]
[BlackTeamCountry "ECU"]

1. e4 c5 2. Nf3 e6 3. d4 cxd4 4. Nxd4 a6 5. c4 Nf6 6. Bd3 d6 7. 0-0 g6 8. Nc3 Bg7 9. Be3 0-0 10. Qe2 Nc6 11. Nxc6 bxc6 12. Rad1 Qc7 13. f4 Rb8 14. Kh1 Nd7 15. Qc2 Re8 16. Be2 f5 17. Bf3 fxe4 18. Bxe4 Nf6 19. Bd4 e5 20. fxe5 dxe5 21. Bc5 Bg4 22. Rd6 Re6 23. Rd2 Rd8 24. Rxd8+ Qxd8 25. h3 Nxe4 26. Nxe4 Bf5 27. Qe2 Qh4 28. Nd6 Qf6 29. Nxf5 gxf5 30. Bb4 e4 31. Bc3 Qg5 32. Bxg7 Kxg7 1/2-1/2

[Event "Olympiad-39"]
[Site "Khanty-Mansiysk"]
[Date "2010.09.21"]
[Round "1.4"]
[White "Ibarra Chami, Luis Fernando"]
[Black "Shrestha, Keshav"]
[Result "1-0"]
[WhiteElo "2444"]
[BlackElo "2122"]
[PlyCount "77"]
[EventDate "2010.09.21"]
[EventType "team-swiss"]
[EventRounds "11"]
[EventCountry "RUS"]
[SourceTitle "CBM 139"]
[Source "ChessBase"]
[SourceDate "2010.11.18"]
[SourceVersion "1"]
[SourceVersionDate "2010.11.18"]
[SourceQuality "1"]
[WhiteTeam "Mexico"]
[BlackTeam "Nepal"]
[WhiteTeamCountry "MEX"]
[BlackTeamCountry "NEP"]

1. d4 Nf6 2. Bg5 Ne4 3. Bf4 d5 4. e3 c6 5. Bd3 Nd6 6. Nd2 Nd7 7. Ne2 Nf6 8. Ng3 g6 9. b3 Bg7 10. c4 dxc4 11. bxc4 0-0 12. e4 Nfe8 13. e5 Nf5 14. Bxf5 Bxf5 15. Nxf5 gxf5 16. Nf3 Nc7 17. Qd3 e6 18. g4 f6 19. gxf5 fxe5 20. Bxe5 Bxe5 21. Nxe5 Qg5 22. Rb1 Rxf5 23. Qg3 Qxg3 24. hxg3 b6 25. Nxc6 Kh8 26. Ke2 Ne8 27. Rh6 Rf6 28. Rbh1 Rxh6 29. Rxh6 Nc7 30. Rh4 a6 31. d5 exd5 32. cxd5 Ne8 33. Rh6 Kg7 34. Re6 Nf6 35. d6 Rc8 36. Rxf6 Rxc6 37. d7 Rxf6 38. d8Q b5 39. f4 1-0

[Event "United Insurance 11th"]
[Site "Dhaka"]
[Date "2009.08.29"]
[Round "10"]
[White "Rahman, Syed Mahfuzur"]
[Black "Shrestha, Keshav"]
[Result "1-0"]
[WhiteElo "2256"]
[BlackElo "2134"]
[PlyCount "83"]
[EventDate "2009.08.21"]
[EventType "swiss"]
[EventRounds "10"]
[EventCountry "BAN"]
[SourceTitle "CBM 131 Extra"]
[Source "ChessBase"]
[SourceDate "2009.09.03"]
[SourceVersion "2"]
[SourceVersionDate "2009.09.16"]
[SourceQuality "1"]

1. e4 e5 2. Nf3 Nc6 3. Bb5 a6 4. Ba4 Nf6 5. 0-0 Be7 6. Re1 b5 7. Bb3 d6 8. c3 0-0 9. h3 Nb8 10. d4 Nbd7 11. Nbd2 Bb7 12. a4 c5 13. Bc2 Qc7 14. Nf1 Rfe8 15. Ng3 Bf8 16. Bg5 h6 17. Bd2 g6 18. h4 h5 19. Bg5 Bg7 20. d5 c4 21. Nh2 Nc5 22. Qd2 Kh7 23. f4 exf4 24. Qxf4 Ng8 25. Qf2 Be5 26. Nf3 f6 27. Nxe5 dxe5 28. Be3 Nxa4 29. Bxa4 bxa4 30. Rxa4 Rac8 31. Rb4 Qd7 32. Qe2 a5 33. Rb6 Rc7 34. Ra1 Ra8 35. Re6 Qf7 36. Bb6 Bc8 37. Bxc7 Bxe6 38. Qxc4 Bd7 39. Rf1 Rc8 40. Qc5 Nh6 41. Qxa5 Ng4 42. Bb6 1-0